Loading...
| Fine Arts - Classical Music | 5 | 8.00 | 80% | 0% | 0% |
| Fine Arts - Other Fine Arts | 4 | 12.50 | 75% | 25% | 25% |
| Fine Arts - Visual Fine Arts | 6 | 6.67 | 50% | 17% | 0% |
| History - American History | 5 | 18.00 | 80% | 80% | 20% |
| History - European History | 6 | 10.00 | 67% | 33% | 0% |
| History - Other History | 5 | 16.00 | 100% | 60% | 0% |
| History - World History | 5 | 16.00 | 80% | 40% | 40% |
| Literature - American Literature | 6 | 15.00 | 100% | 17% | 33% |
| Literature - British Literature | 7 | 12.86 | 100% | 14% | 14% |
| Literature - European Literature | 7 | 15.71 | 100% | 57% | 0% |
| Literature - World/Other Literature | 7 | 10.00 | 86% | 14% | 0% |
| Mythology | 7 | 14.29 | 100% | 29% | 14% |
| Other Academic | 4 | 15.00 | 75% | 75% | 0% |
| Philosophy | 7 | 10.00 | 71% | 29% | 0% |
| Religion | 6 | 8.33 | 67% | 0% | 17% |
| Science - Biology | 7 | 10.00 | 57% | 29% | 14% |
| Science - Chemistry | 6 | 13.33 | 100% | 33% | 0% |
| Science - Other Science | 8 | 10.00 | 75% | 13% | 13% |
| Science - Physics | 7 | 10.00 | 86% | 14% | 0% |
| Social Science | 6 | 13.33 | 100% | 33% | 0% |